000 00297nam a22001217a 4500
082 _a347.409549
_bCON
245 _aThe Contract Act, (IX of 1872):
_bbook no.8 /
260 _aKarachi :
_bPakistan Law House,
_cN.A.
300 _a75 p.
563 _aPB.
650 _aLaw
_935302
942 _2ddc
_cBK
999 _c613451
_d613451